00593nam a2200169Ia 4500008004100000041000800041082001600049100002400065245004500089260001900134300000800153365001600161700002400177906003400201999001900235952016900254230718s9999 xx 000 0 und d aeng a650.14bWAL aWaldroop J.9121252 a12 Bad Habits That Hold Good People Back c2000bCurrency a325 cRs.b507.00 aWaldroop J.9121252 dB:241709-Nov-2001cOTHb76.05 c302784d302784 00104070aCCEPbCCEPd2002-01-01eTechnical Book ServicesfOTHg430.95i2417l0o650.14pCCEP-BK-13991r2023-07-18 00:00:00t76.05v507.00w2001-11-09yBKz013991